[Event "Karlsruhe Grenke op"]
[Site "Karlsruhe"]
[Date "2019.04.18"]
[Round "1"]
[White "Baudot, Denis"]
[Black "Admiraal, Miguoel"]
[Result "0-1"]
[WhiteElo "2124"]
[BlackElo "2516"]
[PlyCount "90"]
[EventDate "2019.04.18"]
[EventType "swiss"]
[EventRounds "9"]
[EventCountry "GER"]
[SourceTitle "CBM 189 Extra"]
[Source "ChessBase"]
[SourceDate "2019.06.03"]
[SourceVersion "1"]
[SourceVersionDate "2019.06.03"]
[SourceQuality "1"]

1. d4 e6 2. Nf3 c5 3. e3 Nf6 4. Bd3 Nc6 5. 0-0 d5 6. b3 b6 7. Bb2 Bb7 8. Nbd2 Be7 9. Ne5 0-0 10. a3 Bd6 11. f4 Ne7 12. Qe2 Rc8 13. Rad1 Rc7 14. c4 cxd4 15. exd4 Qa8 16. Rde1 Ng6 17. Nxg6 hxg6 18. Bxg6 fxg6 19. Qxe6+ Rcf7 20. Qxd6 dxc4 21. bxc4 Bxg2 22. Rf2 Bh3 23. d5 Qc8 24. Rf3 Rd8 25. Qb4 Nh5 26. f5 Rxf5 27. Qc3 Rxf3 28. Qxf3 Rf8 29. Qe4 Nf4 30. Nf1 Qc5+ 31. Ne3 Qa5 32. Rd1 Qa4 33. Re1 Qa5 34. Rd1 Qa4 35. Re1 Qd7 36. Bd4 g5 37. Bc3 Re8 38. Qd4 Qf7 39. d6 Bd7 40. Qd2 Bc6 41. Nd5 Rxe1+ 42. Qxe1 Bxd5 43. cxd5 Qxd5 44. Qd2 Qf3 45. h3 Ne2+ 0-1

[Event "EU-Cup 17th"]
[Site "Panormo"]
[Date "2001.09.27"]
[Round "5.5"]
[White "Baudot, Denis"]
[Black "Andonovski, Ljubisa"]
[Result "0-1"]
[WhiteElo "2235"]
[BlackElo "2335"]
[PlyCount "142"]
[EventDate "2001.09.22"]
[EventType "team-swiss"]
[EventRounds "7"]
[EventCountry "GRE"]
[SourceTitle "CBM 084 Extra"]
[Source "ChessBase"]
[SourceDate "2001.10.26"]
[SourceVersion "1"]
[SourceVersionDate "2001.10.26"]
[SourceQuality "1"]
[WhiteTeam "Bonnevoie Gambit"]
[BlackTeam "Skopje Kisela Voda"]
[WhiteTeamCountry "LUX"]
[BlackTeamCountry "MKD"]

1. d4 Nf6 2. Nf3 g6 3. e3 Bg7 4. c4 0-0 5. Nc3 d6 6. Be2 Nbd7 7. 0-0 e5 8. b4 Re8 9. a4 e4 10. Nd2 Nf8 11. b5 h5 12. a5 a6 13. bxa6 bxa6 14. Qb3 N8h7 15. Ba3 h4 16. Nd5 h3 17. g3 Bg4 18. Qd1 Bxe2 19. Qxe2 Nxd5 20. cxd5 Qg5 21. Rac1 Qxd5 22. Rxc7 Ng5 23. Qc4 Qxa5 24. Bb4 Qf5 25. Rc1 d5 26. Qe2 a5 27. Bd6 a4 28. Bf4 Ne6 29. R7c2 Nxf4 30. gxf4 g5 31. Qh5 Ra6 32. Nf1 Rh6 33. Ng3 Rxh5 34. Nxf5 gxf4 35. Nxg7 Kxg7 36. exf4 Kf6 37. Ra2 Ra8 38. Rc5 a3 39. f3 exf3 40. Kf2 Ra4 41. Kxf3 Rxd4 42. Kg4 Rg5+ 43. Kxh3 Rd3+ 44. Kh4 Rg8 45. f5 Kxf5 46. Rf2+ Ke5 47. Rxf7 Rh8+ 48. Kg4 Rxh2 49. Ra5 Rg2+ 50. Kh4 a2 51. Re7+ Kf4 52. Rf7+ Ke5 53. Re7+ Kd6 54. Rea7 Rd1 55. Kh3 Rg8 56. Kh2 Rd2+ 57. Kh3 Ke5 58. Rd7 Rg1 59. Re7+ Kd4 60. Rea7 a1Q 61. Rxa1 Rxa1 62. Rxa1 Ke3 63. Kg3 d4 64. Ra7 Rd1 65. Re7+ Kd2 66. Kf2 d3 67. Ra7 Rh1 68. Ra2+ Kc3 69. Ra3+ Kc2 70. Ra7 d2 71. Rc7+ Kb3 0-1

[Event "EU-Cup 17th"]
[Site "Panormo"]
[Date "2001.09.26"]
[Round "4.5"]
[White "Thiede, Lars"]
[Black "Baudot, Denis"]
[Result "1-0"]
[WhiteElo "2410"]
[BlackElo "2235"]
[PlyCount "85"]
[EventDate "2001.09.22"]
[EventType "team-swiss"]
[EventRounds "7"]
[EventCountry "GRE"]
[SourceTitle "CBM 084 Extra"]
[Source "ChessBase"]
[SourceDate "2001.10.26"]
[SourceVersion "1"]
[SourceVersionDate "2001.10.26"]
[SourceQuality "1"]
[WhiteTeam "Berlin SF"]
[BlackTeam "Bonnevoie Gambit"]
[WhiteTeamCountry "GER"]
[BlackTeamCountry "LUX"]

1. g3 g6 2. c4 Bg7 3. Bg2 d6 4. Nc3 e5 5. d3 f5 6. Nf3 Nf6 7. 0-0 0-0 8. Rb1 a5 9. a3 Nh5 10. Bd2 c6 11. b4 axb4 12. axb4 Be6 13. Ng5 Qe7 14. Nxe6 Qxe6 15. b5 Nf6 16. Qc2 Re8 17. Bg5 e4 18. dxe4 Nxe4 19. Nxe4 fxe4 20. Rfd1 Nd7 21. Bf4 Bf8 22. h4 Nc5 23. bxc6 bxc6 24. Be3 Ra4 25. Rbc1 Ra5 26. Kh2 Qf7 27. Bh3 h6 28. Kg1 Nd7 29. Qd2 Ra3 30. Bxh6 Nc5 31. Bxf8 Nb3 32. Qxd6 Nxc1 33. Rxc1 Qxf8 34. Qxg6+ Kh8 35. Bf5 Qe7 36. Rd1 Ra7 37. Qxc6 Qe5 38. Qh6+ Kg8 39. Rd5 Qa1+ 40. Kg2 Rg7 41. Be6+ Kf8 42. Qh8+ Ke7 43. Rd7+ 1-0

[Event "EU-Cup 17th"]
[Site "Panormo"]
[Date "2001.09.25"]
[Round "3.5"]
[White "Finkel, Alexander"]
[Black "Baudot, Denis"]
[Result "1-0"]
[WhiteElo "2485"]
[BlackElo "2235"]
[PlyCount "93"]
[EventDate "2001.09.22"]
[EventType "team-swiss"]
[EventRounds "7"]
[EventCountry "GRE"]
[SourceTitle "CBM 084 Extra"]
[Source "ChessBase"]
[SourceDate "2001.10.26"]
[SourceVersion "1"]
[SourceVersionDate "2001.10.26"]
[SourceQuality "1"]
[WhiteTeam "Tel Aviv Shlomo Har Zvi"]
[BlackTeam "Bonnevoie Gambit"]
[WhiteTeamCountry "ISR"]
[BlackTeamCountry "LUX"]

1. e4 g6 2. d4 Bg7 3. f4 d5 4. e5 c5 5. c3 cxd4 6. cxd4 Nc6 7. Nc3 Nh6 8. h3 Nf5 9. Nge2 e6 10. Qd3 Qb6 11. b3 Nb4 12. Qb5+ Qxb5 13. Nxb5 Nc2+ 14. Kd2 Nxa1 15. Nc7+ Kd8 16. Nxa8 Bf8 17. Bb2 Nxb3+ 18. axb3 Bb4+ 19. Bc3 Bxc3+ 20. Nxc3 Bd7 21. Bd3 Nxd4 22. Ke3 Nxb3 23. Rb1 d4+ 24. Ke2 dxc3 25. Rxb3 Kc8 26. Be4 Bc6 27. Rxc3 Kb8 28. Bxc6 bxc6 29. Rxc6 Kxa8 30. Rc7 Rf8 31. g3 Kb8 32. Rd7 h6 33. Ke3 a5 34. Kd4 g5 35. Kc5 gxf4 36. gxf4 a4 37. Kb6 Rc8 38. Rb7+ Ka8 39. Ra7+ Kb8 40. Rxf7 Rc4 41. f5 Kc8 42. f6 Kd8 43. Rf8+ Kd7 44. Ra8 Rf4 45. Ra7+ Ke8 46. Kc5 Rf3 47. Kd6 1-0

[Event "EU-Cup 17th"]
[Site "Panormo"]
[Date "2001.09.23"]
[Round "1.5"]
[White "Baudot, Denis"]
[Black "Horvath, Tamas"]
[Result "0-1"]
[WhiteElo "2235"]
[BlackElo "2356"]
[PlyCount "120"]
[EventDate "2001.09.22"]
[EventType "team-swiss"]
[EventRounds "7"]
[EventCountry "GRE"]
[SourceTitle "CBM 084 Extra"]
[Source "ChessBase"]
[SourceDate "2001.10.26"]
[SourceVersion "1"]
[SourceVersionDate "2001.10.26"]
[SourceQuality "1"]
[WhiteTeam "Bonnevoie Gambit"]
[BlackTeam "Zalaegerszeg"]
[WhiteTeamCountry "LUX"]
[BlackTeamCountry "HUN"]

1. d4 Nf6 2. Nf3 c5 3. e3 g6 4. Bd3 Bg7 5. 0-0 0-0 6. b3 d5 7. Bb2 cxd4 8. exd4 Nc6 9. a3 Ne4 10. Nbd2 Bf5 11. Re1 Nd6 12. Bxf5 Nxf5 13. c3 e6 14. Rc1 Qd6 15. Nf1 Rae8 16. Ng3 Nfe7 17. Rc2 Na5 18. Rce2 Qb6 19. Nd2 Rc8 20. Ngf1 Nf5 21. b4 Nc6 22. Ne3 Nd6 23. Ng4 a5 24. Nf3 Ne4 25. Qd3 f5 26. Ne3 axb4 27. cxb4 Na7 28. a4 Rc7 29. b5 Rfc8 30. Rc2 f4 31. Rxc7 Qxc7 32. Rc1 Qa5 33. Rxc8+ Nxc8 34. Qc2 Ncd6 35. Nf1 Nc4 36. Bc1 Qc3 37. Qd1 Qa1 38. Qc2 g5 39. N3d2 Qc3 40. Qd1 Qxd4 41. Qe2 Ncxd2 42. Bxd2 Qxa4 43. Qg4 Kf7 44. Qh5+ Kf8 45. Qg4 Qd4 46. Be1 Qe5 47. Qh5 Nf6 48. Bb4+ Kg8 49. Qd1 Qb2 50. Qa4 Kf7 51. b6 Kg6 52. h3 h5 53. Nd2 g4 54. Qb5 Qd4 55. Nf1 Qc4 56. Qa5 Ne4 57. Be1 Qe2 58. Qb4 Kf7 59. hxg4 hxg4 60. Nh2 Bc3 0-1

[Event "Luxembourg-chT 9900"]
[Site "Luxembourg"]
[Date "2000.01.09"]
[Round "4"]
[White "Risch, Michel"]
[Black "Baudot, Denis"]
[Result "1/2-1/2"]
[WhiteElo "2081"]
[BlackElo "2271"]
[PlyCount "39"]
[EventDate "1999.10.24"]
[EventType "team"]
[EventRounds "10"]
[EventCountry "LUX"]
[SourceTitle "EXT 2005"]
[Source "ChessBase"]
[SourceDate "2004.11.15"]
[SourceVersion "1"]
[SourceVersionDate "2004.11.15"]
[SourceQuality "1"]

1. d4 g6 2. c4 Bg7 3. e4 d6 4. Nc3 Nc6 5. d5 Nd4 6. Nge2 c5 7. Nxd4 cxd4 8. Nb5 Qb6 9. c5 Qxc5 10. Bd2 Kf8 11. Rc1 Qb6 12. Bd3 Bd7 13. a4 Bxb5 14. axb5 Nf6 15. Qa4 Qd8 16. Qxd4 Nd7 17. Bh6 f6 18. Bxg7+ Kxg7 19. b4 Qb6 20. Qxb6 1/2-1/2

[Event "Luxembourg-chT 9899"]
[Site "Luxembourg"]
[Date "1999.03.14"]
[Round "9"]
[White "Brittner, Serge"]
[Black "Baudot, Denis"]
[Result "1/2-1/2"]
[WhiteElo "2110"]
[BlackElo "2270"]
[PlyCount "57"]
[EventDate "1998.10.08"]
[EventType "team"]
[EventRounds "10"]
[EventCountry "LUX"]
[SourceTitle "EXT 2005"]
[Source "ChessBase"]
[SourceDate "2004.11.15"]
[SourceVersion "1"]
[SourceVersionDate "2004.11.15"]
[SourceQuality "1"]

1. d4 g6 2. e4 Bg7 3. Nf3 d5 4. exd5 Qxd5 5. Nc3 Qd8 6. Bf4 c6 7. Bc4 Nf6 8. Qd2 Bf5 9. Ne5 0-0 10. f3 b5 11. Bb3 b4 12. Na4 Nd5 13. Bh6 f6 14. Bxg7 Kxg7 15. Ng4 Na6 16. 0-0-0 Qd6 17. Ne3 Be6 18. Rhe1 Bf7 19. Nc4 Qc7 20. g3 Rad8 21. Qe2 Qb7 22. Nd2 Rfe8 23. f4 Rc8 24. Bc4 Ndc7 25. Bxf7 Kxf7 26. Ne4 Qb5 27. Nac5 Nxc5 28. Qxb5 Nxb5 29. dxc5 1/2-1/2

[Event "Luxembourg-chT 9899"]
[Site "Luxembourg"]
[Date "1998.11.22"]
[Round "4"]
[White "Rota, Emile"]
[Black "Baudot, Denis"]
[Result "0-1"]
[WhiteElo "1980"]
[BlackElo "2270"]
[PlyCount "52"]
[EventDate "1998.10.08"]
[EventType "team"]
[EventRounds "10"]
[EventCountry "LUX"]
[SourceTitle "EXT 2005"]
[Source "ChessBase"]
[SourceDate "2004.11.15"]
[SourceVersion "1"]
[SourceVersionDate "2004.11.15"]
[SourceQuality "1"]

1. e4 g6 2. d4 Bg7 3. Be3 c6 4. Nc3 d5 5. exd5 cxd5 6. Bb5+ Nc6 7. Nge2 Nh6 8. 0-0 0-0 9. Ng3 Ng4 10. Bxc6 bxc6 11. Na4 e5 12. c3 f5 13. h3 f4 14. hxg4 fxe3 15. fxe3 Rxf1+ 16. Nxf1 Qg5 17. Nc5 Bxg4 18. Qe1 h5 19. Nh2 Bh3 20. Qe2 e4 21. Rf1 Bh6 22. Kh1 Bf5 23. Re1 Rf8 24. Nb3 Qh4 25. Kg1 Bg4 26. Nxg4 hxg4 0-1

[Event "Luxembourg-chT 9899"]
[Site "Luxembourg"]
[Date "1998.10.25"]
[Round "2"]
[White "Schartz, Alain"]
[Black "Baudot, Denis"]
[Result "0-1"]
[WhiteElo "2130"]
[BlackElo "2270"]
[PlyCount "84"]
[EventDate "1998.10.08"]
[EventType "team"]
[EventRounds "10"]
[EventCountry "LUX"]
[SourceTitle "EXT 2005"]
[Source "ChessBase"]
[SourceDate "2004.11.15"]
[SourceVersion "1"]
[SourceVersionDate "2004.11.15"]
[SourceQuality "1"]

1. e4 g6 2. d4 Bg7 3. Nc3 c6 4. f4 d5 5. e5 h5 6. Nf3 Bg4 7. Be3 Nh6 8. h3 Bxf3 9. Qxf3 h4 10. Bd3 e6 11. Ne2 Nf5 12. Bf2 Bf8 13. c3 Nd7 14. 0-0-0 b5 15. Kb1 Qa5 16. g4 hxg3 17. Nxg3 Rb8 18. Be1 Qb6 19. Nxf5 gxf5 20. b3 a5 21. Rc1 c5 22. dxc5 Nxc5 23. Bf2 Qb7 24. Bxc5 Bxc5 25. h4 Kd7 26. h5 Rh6 27. Rcd1 Ke7 28. Qg2 Rbh8 29. Qe2 b4 30. c4 d4 31. Rdg1 a4 32. Kb2 Ra8 33. Ra1 Rah8 34. Rag1 Qc6 35. Rh3 Qa6 36. Ra1 Ra8 37. Rhh1 Qc6 38. Qf2 axb3 39. axb3 Rxa1 40. Qh4+ Kd7 41. Rxa1 Qg2+ 42. Kc1 Qf3 0-1

[Event "Olympiad-30"]
[Site "Manila"]
[Date "1992.06.22"]
[Round "13.4"]
[White "Ribera Baztan, Jose"]
[Black "Baudot, Denis"]
[Result "1/2-1/2"]
[WhiteElo "2290"]
[BlackElo "2235"]
[PlyCount "80"]
[EventDate "1992.06.08"]
[EventType "team-swiss"]
[EventRounds "14"]
[EventCountry "PHI"]
[SourceTitle "TD"]
[Source "ChessBase"]
[SourceDate "1994.03.01"]
[SourceVersion "1"]
[SourceVersionDate "1994.03.01"]
[SourceQuality "1"]
[WhiteTeam "Andorra"]
[BlackTeam "Luxembourg"]
[WhiteTeamCountry "AND"]
[BlackTeamCountry "LUX"]

1. d4 g6 2. c4 Bg7 3. Nc3 d6 4. e4 Nc6 5. Be3 e5 6. dxe5 Nxe5 7. Be2 Be6 8. f4 Nc6 9. Nf3 Nf6 10. Nd4 0-0 11. 0-0 Qe7 12. Kh1 Bd7 13. Bf3 Rad8 14. Rc1 a6 15. Nd5 Nxd5 16. cxd5 Nxd4 17. Bxd4 c5 18. dxc6 Bxd4 19. c7 Rc8 20. Qxd4 Bc6 21. Rfd1 Qxc7 22. f5 Qe7 23. Rc3 Rcd8 24. Rcd3 Rfe8 25. f6 Qe6 26. g4 h6 27. b3 g5 28. Re3 Qe5 29. Kg2 Qxd4 30. Rxd4 Rd7 31. e5 Bxf3+ 32. Kxf3 d5 33. Rd1 d4 34. Re4 Rd5 35. Rdxd4 Rxd4 36. Rxd4 Rxe5 37. Rd8+ Kh7 38. Rd7 Kg6 39. Rxb7 Re6 40. a4 Rxf6+ 1/2-1/2

[Event "Olympiad-30"]
[Site "Manila"]
[Date "1992.06.17"]
[Round "9.4"]
[White "Espinosa Flores, Rafael Emilio"]
[Black "Baudot, Denis"]
[Result "1-0"]
[WhiteElo "2430"]
[BlackElo "2235"]
[PlyCount "31"]
[EventDate "1992.06.08"]
[EventType "team-swiss"]
[EventRounds "14"]
[EventCountry "PHI"]
[SourceTitle "TD"]
[Source "ChessBase"]
[SourceDate "1994.03.01"]
[SourceVersion "1"]
[SourceVersionDate "1994.03.01"]
[SourceQuality "1"]
[WhiteTeam "Mexico"]
[BlackTeam "Luxembourg"]
[WhiteTeamCountry "MEX"]
[BlackTeamCountry "LUX"]

1. e4 g6 2. d4 Bg7 3. Nc3 c6 4. Be2 d5 5. e5 Nh6 6. h4 f6 7. exf6 exf6 8. h5 Qe7 9. hxg6 hxg6 10. Bf4 g5 11. Bxb8 Rxb8 12. Qd2 Bf5 13. 0-0-0 Kd8 14. Bd3 Rc8 15. Rxh6 Bxh6 16. g4 1-0

[Event "Olympiad-30"]
[Site "Manila"]
[Date "1992.06.14"]
[Round "6.4"]
[White "Baudot, Denis"]
[Black "Ryan, Joseph"]
[Result "1-0"]
[WhiteElo "2235"]
[BlackElo "2300"]
[PlyCount "60"]
[EventDate "1992.06.08"]
[EventType "team-swiss"]
[EventRounds "14"]
[EventCountry "PHI"]
[SourceTitle "TD"]
[Source "ChessBase"]
[SourceDate "1994.03.01"]
[SourceVersion "1"]
[SourceVersionDate "1994.03.01"]
[SourceQuality "1"]
[WhiteTeam "Luxembourg"]
[BlackTeam "Ireland"]
[WhiteTeamCountry "LUX"]
[BlackTeamCountry "IRL"]

1. d4 Nf6 2. Nf3 c5 3. e3 g6 4. c3 Qc7 5. Bd3 d5 6. Nbd2 Bg7 7. 0-0 0-0 8. b4 cxb4 9. cxb4 a5 10. Ba3 axb4 11. Bxb4 Nc6 12. Qb3 Bf5 13. Bxf5 gxf5 14. Rfc1 Qd7 15. Ne1 f4 16. Nd3 fxe3 17. fxe3 Ng4 18. Nc5 Qf5 19. Rf1 Qh5 20. Nf3 Nxb4 21. Qxb4 Nxe3 22. Rf2 Qg4 23. Re1 Nxg2 24. Ne5 Qh3 25. Rxg2 Ra3 26. Nb3 Ra6 27. Qxe7 h6 28. Nc5 Rb6 29. Ncd7 Re6 30. Qxf8+ Kh7 1-0

[Event "Olympiad-30"]
[Site "Manila"]
[Date "1992.06.10"]
[Round "3.4"]
[White "Yasseen, Aly"]
[Black "Baudot, Denis"]
[Result "1-0"]
[WhiteElo "2305"]
[BlackElo "2235"]
[PlyCount "45"]
[EventDate "1992.06.08"]
[EventType "team-swiss"]
[EventRounds "14"]
[EventCountry "PHI"]
[SourceTitle "TD"]
[Source "ChessBase"]
[SourceDate "1994.03.01"]
[SourceVersion "1"]
[SourceVersionDate "1994.03.01"]
[SourceQuality "1"]
[WhiteTeam "Egypt"]
[BlackTeam "Luxembourg"]
[WhiteTeamCountry "EGY"]
[BlackTeamCountry "LUX"]

1. e4 g6 2. d4 Bg7 3. Nf3 c6 4. Bd3 d5 5. e5 f6 6. 0-0 Bg4 7. Re1 fxe5 8. dxe5 e6 9. Nbd2 Nd7 10. h3 Bf5 11. Bxf5 gxf5 12. Nd4 Qe7 13. Qh5+ Kf8 14. N2f3 h6 15. Nh4 Qf7 16. Nxe6+ Qxe6 17. Ng6+ Ke8 18. Nxh8+ Kd8 19. Qf7 Qxf7 20. Nxf7+ Ke7 21. Nd6 Ke6 22. Nxb7 Rb8 23. Na5 1-0

[Event "Luxembourg op"]
[Site "Luxembourg"]
[Date "1992.??.??"]
[Round "?"]
[White "Mossong, Hubert"]
[Black "Baudot, Denis"]
[Result "1-0"]
[WhiteElo "2265"]
[BlackElo "2235"]
[PlyCount "65"]
[EventDate "1992.??.??"]
[EventType "swiss"]
[EventRounds "9"]
[EventCountry "LUX"]
[SourceTitle "EXT 2005"]
[Source "ChessBase"]
[SourceDate "2004.11.15"]
[SourceVersion "1"]
[SourceVersionDate "2004.11.15"]
[SourceQuality "1"]

1. e4 g6 2. d4 Bg7 3. Nc3 c6 4. Be3 d5 5. Be2 Nf6 6. e5 Ne4 7. Nxe4 dxe4 8. Bc4 c5 9. c3 0-0 10. Ne2 Nc6 11. 0-0 Na5 12. Bb5 Qb6 13. Qa4 a6 14. Bd7 Bxd7 15. Qxd7 Qxb2 16. Ng3 cxd4 17. cxd4 Rad8 18. Qa4 Nc6 19. Rab1 Qc3 20. Rfc1 Qa5 21. Qxa5 Nxa5 22. Nxe4 Rc8 23. Nc5 Rfd8 24. Kf1 Rc7 25. Bd2 Nc6 26. Nxb7 Rxd4 27. Be3 Rd5 28. Rb6 Rxb7 29. Rxb7 Nd8 30. Rc8 Bxe5 31. Rxe7 Kg7 32. Rxe5 Rxe5 33. Bd4 1-0

[Event "Cannes op"]
[Site "Cannes"]
[Date "1990.??.??"]
[Round "5"]
[White "Baudot, Denis"]
[Black "Bricard, Emmanuel"]
[Result "1/2-1/2"]
[WhiteElo "2235"]
[BlackElo "2375"]
[PlyCount "26"]
[EventDate "1990.02.??"]
[EventType "swiss"]
[EventRounds "9"]
[EventCountry "FRA"]
[SourceTitle "EXT 1997"]
[Source "ChessBase"]
[SourceDate "1996.11.15"]
[SourceVersion "1"]
[SourceVersionDate "1996.11.15"]
[SourceQuality "1"]

1. d4 e6 2. Nf3 d5 3. e3 c6 4. Bd3 f5 5. Ne5 Nf6 6. 0-0 Nbd7 7. f4 Be7 8. Nd2 0-0 9. c4 Nxe5 10. fxe5 Ne4 11. Nxe4 fxe4 12. Be2 Rxf1+ 13. Bxf1 c5 1/2-1/2

[Event "Cannes op"]
[Site "Cannes"]
[Date "1990.??.??"]
[Round "9"]
[White "Luchetti, Pedro"]
[Black "Baudot, Denis"]
[Result "1-0"]
[WhiteElo "2010"]
[BlackElo "2235"]
[PlyCount "61"]
[EventDate "1990.02.??"]
[EventType "swiss"]
[EventRounds "9"]
[EventCountry "FRA"]
[SourceTitle "EXT 1997"]
[Source "ChessBase"]
[SourceDate "1996.11.15"]
[SourceVersion "1"]
[SourceVersionDate "1996.11.15"]
[SourceQuality "1"]

1. e4 g6 2. d4 Bg7 3. Be3 d6 4. Nc3 Nc6 5. Be2 Nh6 6. h4 e5 7. dxe5 Nxe5 8. f3 f6 9. h5 Be6 10. hxg6 hxg6 11. Qd2 Nhf7 12. Rxh8+ Bxh8 13. 0-0-0 Nc4 14. Bxc4 Bxc4 15. Nge2 Bxe2 16. Qxe2 a6 17. Nd5 Qd7 18. Qc4 Rc8 19. Rh1 Kf8 20. Qb3 Qb5 21. Qc3 Qe2 22. Nf4 Qb5 23. Nxg6+ Kg7 24. Ne7 Re8 25. Nf5+ Kg8 26. Qxc7 Qe2 27. b3 Bg7 28. Bd4 Rd8 29. Rh4 d5 30. Rg4 Qe1+ 31. Kb2 1-0

[Event "EU-chT (Men) 09th"]
[Site "Haifa"]
[Date "1989.??.??"]
[Round "2.2"]
[White "Arlandi, Ennio"]
[Black "Baudot, Denis"]
[Result "1-0"]
[WhiteElo "2395"]
[BlackElo "2290"]
[PlyCount "97"]
[EventDate "1989.11.23"]
[EventType "team-swiss"]
[EventRounds "9"]
[EventCountry "ISR"]
[SourceTitle "EU-chT"]
[Source "ChessBase"]
[SourceDate "1999.07.01"]
[SourceVersion "2"]
[SourceVersionDate "1999.07.01"]
[SourceQuality "1"]
[WhiteTeam "Italy"]
[BlackTeam "Luxembourg"]
[WhiteTeamCountry "ITA"]
[BlackTeamCountry "LUX"]

1. d4 d5 2. c4 c6 3. Nc3 Nf6 4. e3 e6 5. Nf3 Bd6 6. Ne5 Nbd7 7. f4 0-0 8. Bd3 Ne8 9. 0-0 f5 10. c5 Be7 11. b4 Nef6 12. Bd2 Ne4 13. Rb1 Nxe5 14. fxe5 b5 15. a4 a6 16. Ra1 Bd7 17. Be2 Nxc3 18. Bxc3 Be8 19. Ra3 Bg6 20. Bd2 Qe8 21. Bf3 Rc8 22. Qe2 Qd7 23. Rfa1 Bg5 24. g3 Bd8 25. Be1 Be8 26. axb5 axb5 27. Ra6 Rf7 28. R1a3 Kf8 29. Bf2 Bg5 30. g4 Qd8 31. gxf5 Rxf5 32. Bg4 Bg6 33. Bxf5 Bxf5 34. Ra7 Kg8 35. Rb7 Qe8 36. Raa7 Qg6 37. Rxg7+ Qxg7 38. Rxg7+ Kxg7 39. h4 Bh6 40. Qa2 Rg8 41. Kf1 Bg6 42. Qa7+ Kh8 43. Qb7 Rf8 44. Ke1 Rf3 45. Qxc6 Bxe3 46. Bxe3 Rxe3+ 47. Kf2 Re4 48. Qxe6 Rxd4 49. c6 1-0